000 00535nam a2200181Ia 4500
003 OSt
005 20240325145508.0
008 210210b1961 xxu||||| |||| 00| 0 eng d
040 _cAL
041 _akan
082 _a854/327
100 _aSHARANAPPA KANCHYANI ಶರಣಪ್ಪ ಕಂಚ್ಯಾಣಿ
_9146899
245 _aKannada kavi kirti:
_bಕನ್ನಡ ಕವಿ ಕೀರ್ತಿ
260 _aBijapura
_bAsha Sahitya Prakashana
_c1961
690 _aKannada Criticism
_9146900
906 _a020176
942 _2ddc
_cBK
999 _c144328
_d144328